[Event "FIN-chT 1920"]
[Site "Finland"]
[Date "2020.02.09"]
[Round "8.3"]
[White "Maki, Veijo"]
[Black "Vakeva, Jani"]
[Result "1/2-1/2"]
[WhiteElo "2355"]
[BlackElo "2188"]
[PlyCount "66"]
[EventDate "2019.09.14"]
[EventType "team-tourn"]
[EventRounds "11"]
[EventCountry "FIN"]
[SourceTitle "CBM 195 Extra"]
[Source "ChessBase"]
[SourceDate "2020.05.31"]
[SourceVersion "1"]
[SourceVersionDate "2020.05.31"]
[SourceQuality "1"]
[WhiteTeam "Tampere Tammer"]
[BlackTeam "Kotka KymS"]
[WhiteTeamCountry "FIN"]
[BlackTeamCountry "FIN"]

1. e4 c5 2. Nf3 e6 3. d4 cxd4 4. Nxd4 a6 5. Be2 b5 6. 0-0 Bb7 7. a4 b4 8. Nd2 d5 9. e5 Nc6 10. Nxc6 Bxc6 11. Nb3 Qd7 12. Nd4 Ne7 13. c3 bxc3 14. bxc3 Ng6 15. f4 Bc5 16. Ba3 Bxa3 17. Rxa3 0-0 18. Bd3 Qe7 19. Ra1 Qc5 20. Rf3 Rfb8 21. Kh1 Rb2 22. Qc1 Rb6 23. a5 Rb7 24. Qa3 Qxa3 25. Rxa3 Bd7 26. Rf1 Rb2 27. g3 Ne7 28. Rb1 Rxb1+ 29. Bxb1 Nc6 30. Bd3 Nxd4 31. cxd4 Bb5 32. Bxb5 axb5 33. Kg2 b4 1/2-1/2

[Event "FIN-chT 1819"]
[Site "Finland"]
[Date "2018.12.09"]
[Round "6.3"]
[White "Jarvenpaa, Jari"]
[Black "Maki, Veijo"]
[Result "1/2-1/2"]
[WhiteElo "2307"]
[BlackElo "2339"]
[PlyCount "124"]
[EventDate "2018.09.15"]
[EventType "team-tourn"]
[EventRounds "11"]
[EventCountry "FIN"]
[SourceTitle "CBM 187 Extra"]
[Source "ChessBase"]
[SourceDate "2018.11.04"]
[SourceVersion "1"]
[SourceVersionDate "2018.11.04"]
[SourceQuality "1"]
[WhiteTeam "Salo SalSK"]
[BlackTeam "Tampere Tammer"]
[WhiteTeamCountry "FIN"]
[BlackTeamCountry "FIN"]

1. e4 c5 2. c3 d5 3. exd5 Qxd5 4. d4 Nf6 5. Nf3 e6 6. Na3 Nc6 7. Nb5 Qd8 8. dxc5 Bxc5 9. Qxd8+ Kxd8 10. b4 Bb6 11. Bd3 Ke7 12. Bb2 Rd8 13. Rd1 e5 14. Be2 Rxd1+ 15. Bxd1 Ne4 16. 0-0 Bg4 17. Bc2 Bxf3 18. gxf3 Nd2 19. Rd1 Nxf3+ 20. Kg2 Nh4+ 21. Kg3 Ng6 22. Nd6 Rd8 23. Ba3 Bc7 24. Nxb7 e4+ 25. Kg2 Nf4+ 26. Kf1 Rxd1+ 27. Bxd1 Ne5 28. b5+ Ke6 29. Bb3+ Kf5 30. Bd6 Bb6 31. Bb8 e3 32. fxe3 Bxe3 33. Nd6+ Kg4 34. Bd1+ Kh3 35. Nf5 Nd7 36. Bd6 Bd2 37. Nxg7 Nd5 38. c4 Ne3+ 39. Ke2 Nxc4 40. Bg3 Bg5 41. Bc2 Nf6 42. Bb3 Na3 43. Bxf7 Nxb5 44. Be5 Kg2 45. Be6 a5 46. Bf5 h6 47. Ne6 Nd7 48. Be4+ Kg1 49. Bg7 Bf6 50. Bxh6 Nc3+ 51. Kd3 Nxa2 52. Be3+ Kxh2 53. Bf4+ Kh3 54. Bf5+ Kh4 55. Kc4 a4 56. Bb1 Nc3 57. Bg5+ Kg4 58. Bxf6 Nxb1 59. Bh8 Kf5 60. Nd4+ Ke4 61. Kb4 Nb6 62. Kb5 Nd5 1/2-1/2

[Event "FIN-chT 1718"]
[Site "Finland"]
[Date "2017.09.17"]
[Round "2.3"]
[White "Lehto, Antti"]
[Black "Maki, Veijo"]
[Result "1/2-1/2"]
[WhiteElo "2201"]
[BlackElo "2368"]
[PlyCount "45"]
[EventDate "2017.09.16"]
[EventType "team-tourn"]
[EventRounds "11"]
[EventCountry "FIN"]
[SourceTitle "CBM 180 Extra"]
[Source "ChessBase"]
[SourceDate "2017.10.06"]
[SourceVersion "1"]
[SourceVersionDate "2017.10.06"]
[SourceQuality "1"]
[WhiteTeam "Helsinki HSK"]
[BlackTeam "Tampere Tammer"]
[WhiteTeamCountry "FIN"]
[BlackTeamCountry "FIN"]

1. d4 Nf6 2. c4 g6 3. Nc3 Bg7 4. e4 d6 5. Nf3 0-0 6. Be2 e5 7. 0-0 exd4 8. Nxd4 Re8 9. f3 c6 10. Kh1 Nh5 11. g4 Nf6 12. Be3 h5 13. g5 Nfd7 14. Qd2 Ne5 15. Rad1 Na6 16. f4 Nd7 17. Bf3 Ndc5 18. Nde2 Bg4 19. Bxg4 hxg4 20. Ng3 Qe7 21. Bd4 Bxd4 22. Qxd4 Rad8 23. Rd2 1/2-1/2

[Event "FIN-chT 1617"]
[Site "Finland"]
[Date "2016.10.08"]
[Round "3.5"]
[White "Kilpi, Teemu"]
[Black "Maki, Veijo"]
[Result "1/2-1/2"]
[WhiteElo "2116"]
[BlackElo "2366"]
[PlyCount "96"]
[EventDate "2016.09.17"]
[EventType "team-tourn"]
[EventRounds "11"]
[EventCountry "FIN"]
[SourceTitle "EXT 2017"]
[Source "ChessBase"]
[SourceDate "2016.10.25"]
[SourceVersion "1"]
[SourceVersionDate "2016.10.25"]
[SourceQuality "1"]
[WhiteTeam "Oulu OSS"]
[BlackTeam "Tampere Tammer"]
[WhiteTeamCountry "FIN"]
[BlackTeamCountry "FIN"]

1. d4 Nf6 2. c4 g6 3. Nc3 Bg7 4. e4 d6 5. f3 0-0 6. Be3 c5 7. Nge2 Nc6 8. d5 Ne5 9. Ng3 e6 10. Be2 exd5 11. cxd5 a6 12. a4 Bd7 13. h3 b5 14. f4 Nc4 15. Bxc4 bxc4 16. Qe2 Re8 17. Qxc4 Nxe4 18. Ncxe4 Bf5 19. 0-0 Bxe4 20. Bf2 f5 21. Rae1 Bxb2 22. Nxe4 fxe4 23. Rxe4 Rxe4 24. Qxe4 Qf6 25. Re1 Rf8 26. Bg3 Qd4+ 27. Kh2 Qxe4 28. Rxe4 Rf5 29. Re8+ Kf7 30. Ra8 c4 31. Rc8 c3 32. Be1 Rxf4 33. Bxc3 Bxc3 34. Rxc3 Rxa4 35. Rc7+ Kf6 36. Rxh7 a5 37. Rd7 Ke5 38. Rg7 Rb4 39. Rxg6 a4 40. Rg8 Kxd5 41. g4 a3 42. Ra8 Rb3 43. g5 Ke6 44. h4 Kf5 45. Kg2 Rb2+ 46. Kf3 Rb3+ 47. Kf2 Rb2+ 48. Kf3 Rb3+ 1/2-1/2

[Event "FIN-chT 1617"]
[Site "Finland"]
[Date "2016.09.18"]
[Round "2.4"]
[White "Maki, Veijo"]
[Black "Johansson, Jukka"]
[Result "1-0"]
[WhiteElo "2366"]
[BlackElo "2138"]
[PlyCount "59"]
[EventDate "2016.09.17"]
[EventType "team-tourn"]
[EventRounds "11"]
[EventCountry "FIN"]
[SourceTitle "CBM 174 Extra"]
[Source "ChessBase"]
[SourceDate "2016.10.10"]
[SourceVersion "1"]
[SourceVersionDate "2016.10.10"]
[SourceQuality "1"]
[WhiteTeam "Tampere Tammer"]
[BlackTeam "Helsinki Garde"]
[WhiteTeamCountry "FIN"]
[BlackTeamCountry "FIN"]

1. Nf3 Nf6 2. g3 d5 3. Bg2 e6 4. 0-0 c5 5. d4 Nc6 6. c4 dxc4 7. Qa4 Bd7 8. dxc5 Bxc5 9. Qxc4 Qe7 10. Bg5 0-0 11. Nc3 h6 12. Bxf6 gxf6 13. Ne4 Bb6 14. Rad1 Rfd8 15. Nd6 Be8 16. Qf4 Kg7 17. Nh4 Kh7 18. Be4+ f5 19. Nhxf5 Qg5 20. Qxg5 hxg5 21. Nxe8 exf5 22. Bxf5+ Kh6 23. Nd6 Kg7 24. e3 Rab8 25. Be4 Bc5 26. Nxb7 Rxd1 27. Rxd1 Rxb7 28. Rc1 Bb6 29. Rxc6 Re7 30. Bf5 1-0

[Event "EU-Cup 31st"]
[Site "Skopje"]
[Date "2015.10.22"]
[Round "5.2"]
[White "Malakhov, Vladimir"]
[Black "Maki, Veijo"]
[Result "1-0"]
[WhiteElo "2694"]
[BlackElo "2373"]
[PlyCount "71"]
[EventDate "2015.10.18"]
[EventType "team-swiss"]
[EventRounds "7"]
[EventCountry "MKD"]
[SourceTitle "CBM 169"]
[Source "ChessBase"]
[SourceDate "2015.11.10"]
[SourceVersion "1"]
[SourceVersionDate "2015.11.10"]
[SourceQuality "1"]
[WhiteTeam "Belorechensk"]
[BlackTeam "Tammer Shakki"]
[WhiteTeamCountry "RUS"]
[BlackTeamCountry "FIN"]

1. e4 c5 2. Nf3 g6 3. d4 cxd4 4. Nxd4 Nf6 5. Nc3 d6 6. Be2 Bg7 7. 0-0 Nc6 8. Nb3 0-0 9. Re1 a5 10. a4 Nb4 11. Bg5 b6 12. Bf1 Bb7 13. Nd4 Rc8 14. Ndb5 Rc4 15. Bf4 Nd7 16. Be3 Rc8 17. Rc1 Nc5 18. Bg5 Ne6 19. Bh4 Re8 20. Qd2 d5 21. exd5 Nxd5 22. Nxd5 Qxd5 23. Qxd5 Bxd5 24. b3 Bb7 25. Bc4 Rxc4 26. bxc4 g5 27. Bg3 Rc8 28. Nc7 Bc3 29. Re2 Nxc7 30. Rxe7 Ne6 31. Rxb7 Rxc4 32. Rxb6 Rxa4 33. Rc6 Bf6 34. c4 Bd4 35. Kf1 h5 36. c5 1-0

[Event "EU-Cup 31st"]
[Site "Skopje"]
[Date "2015.10.18"]
[Round "1.3"]
[White "Maki, Veijo"]
[Black "Adams, Michael"]
[Result "0-1"]
[WhiteElo "2373"]
[BlackElo "2742"]
[PlyCount "98"]
[EventDate "2015.10.18"]
[EventType "team-swiss"]
[EventRounds "7"]
[EventCountry "MKD"]
[SourceTitle "CBM 169"]
[Source "ChessBase"]
[SourceDate "2015.11.10"]
[SourceVersion "1"]
[SourceVersionDate "2015.11.10"]
[SourceQuality "1"]
[WhiteTeam "Tammer Shakki"]
[BlackTeam "Socar"]
[WhiteTeamCountry "FIN"]
[BlackTeamCountry "AZE"]

1. e4 e5 2. Nf3 Nc6 3. Bb5 a6 4. Ba4 Nf6 5. d3 d6 6. c3 g6 7. 0-0 Bg7 8. Re1 0-0 9. Nbd2 b5 10. Bb3 Na5 11. Bc2 c5 12. Nf1 Re8 13. Bg5 h6 14. Bxf6 Bxf6 15. Ne3 Be6 16. d4 exd4 17. cxd4 Nc4 18. Nxc4 Bxc4 19. Qd2 Bg7 20. Bb3 cxd4 21. Nxd4 Qb6 22. Nf3 Rac8 23. Rad1 a5 24. h4 a4 25. Bxc4 bxc4 26. Re2 Qb5 27. h5 Qxh5 28. Qxd6 Qb5 29. Rd5 Qb7 30. Qd7 Qa8 31. Qb5 a3 32. bxa3 c3 33. Qd3 Rcd8 34. Rxd8 Rxd8 35. Qc2 Rb8 36. e5 Rb2 37. Qd3 Rxe2 38. Qxe2 Qc6 39. Ne1 h5 40. Nc2 Qe6 41. Qe4 Bxe5 42. f4 Qb6+ 43. Kh2 Bd6 44. Ne3 Qc5 45. g3 Qxa3 46. f5 Qxa2+ 47. Kg1 Bxg3 48. Qe8+ Kg7 49. f6+ Kh7 0-1

[Event "FIN-chT 1516"]
[Site "Finland"]
[Date "2015.09.12"]
[Round "1.2"]
[White "Maki, Veijo"]
[Black "Varpanen, Jan"]
[Result "1-0"]
[WhiteElo "2368"]
[BlackElo "2093"]
[PlyCount "51"]
[EventDate "2015.09.12"]
[EventType "team-tourn"]
[EventRounds "11"]
[EventCountry "FIN"]
[SourceTitle "EXT 2016"]
[Source "ChessBase"]
[SourceDate "2015.10.08"]
[SourceVersion "1"]
[SourceVersionDate "2015.10.08"]
[SourceQuality "1"]
[WhiteTeam "Tampere Tammer"]
[BlackTeam "Helsinki HSK"]
[WhiteTeamCountry "FIN"]
[BlackTeamCountry "FIN"]

1. g3 g6 2. Bg2 Bg7 3. c4 Nf6 4. Nc3 0-0 5. d4 c5 6. Nf3 d5 7. dxc5 Qa5 8. cxd5 Nxd5 9. Qxd5 Bxc3+ 10. Bd2 Bxd2+ 11. Qxd2 Qxc5 12. 0-0 Nc6 13. Qh6 f6 14. e3 Be6 15. Rac1 Qb6 16. b3 Rfd8 17. Qf4 Rac8 18. h4 Qa5 19. Nd4 Nxd4 20. exd4 Rxc1 21. Rxc1 Qxa2 22. d5 Bd7 23. d6 Qa3 24. dxe7 Qxe7 25. Rc7 Rc8 26. Qc4+ 1-0

[Event "FIN-chT 1314"]
[Site "Finland"]
[Date "2014.03.09"]
[Round "11.5"]
[White "Maki, Veijo"]
[Black "Nyysti, Sampsa"]
[Result "0-1"]
[WhiteElo "2379"]
[BlackElo "2352"]
[PlyCount "78"]
[EventDate "2013.09.21"]
[EventType "team-tourn"]
[EventRounds "11"]
[EventCountry "FIN"]
[SourceTitle "EXT 2015"]
[Source "ChessBase"]
[SourceDate "2014.11.20"]
[SourceVersion "1"]
[SourceVersionDate "2014.11.20"]
[SourceQuality "1"]
[WhiteTeam "Tampere Tammer"]
[BlackTeam "Porvoo Velhot"]
[WhiteTeamCountry "FIN"]
[BlackTeamCountry "FIN"]

1. e4 e5 2. Nf3 Nc6 3. Bb5 a6 4. Ba4 Nf6 5. d3 b5 6. Bb3 Be7 7. Nc3 d6 8. Nd5 Be6 9. Bd2 0-0 10. a4 Bxd5 11. Bxd5 Nxd5 12. exd5 Nd4 13. Nxd4 exd4 14. Qg4 Bf6 15. 0-0 Re8 16. axb5 axb5 17. Ba5 Ra7 18. b4 g6 19. Rae1 h5 20. Qf4 Kg7 21. g3 Qd7 22. Re4 Raa8 23. Rfe1 Rxe4 24. Qxe4 h4 25. Qg2 Rh8 26. Re4 h3 27. Qf3 c6 28. Re2 cxd5 29. Qxd5 Rh5 30. Qa8 Re5 31. Rxe5 dxe5 32. Qf3 Qc8 33. Qd1 Qc6 34. f3 Bg5 35. Kf2 f5 36. Ke2 Be3 37. Qb1 Qc3 38. Qd1 g5 39. Kf1 g4 0-1

[Event "FIN-chT 1314"]
[Site "Finland"]
[Date "2014.02.09"]
[Round "8.5"]
[White "Kekki, Petri"]
[Black "Maki, Veijo"]
[Result "1/2-1/2"]
[WhiteElo "2354"]
[BlackElo "2379"]
[PlyCount "165"]
[EventDate "2013.09.21"]
[EventType "team-tourn"]
[EventRounds "11"]
[EventCountry "FIN"]
[SourceTitle "EXT 2015"]
[Source "ChessBase"]
[SourceDate "2014.11.20"]
[SourceVersion "1"]
[SourceVersionDate "2014.11.20"]
[SourceQuality "1"]
[WhiteTeam "Espoo MatSK"]
[BlackTeam "Tampere Tammer"]
[WhiteTeamCountry "FIN"]
[BlackTeamCountry "FIN"]

1. d4 g6 2. Nf3 Bg7 3. g3 c5 4. c3 Qa5 5. Bd2 Nf6 6. Bg2 0-0 7. Ne5 d6 8. Nc4 Qa6 9. Nba3 Be6 10. Ne3 cxd4 11. cxd4 d5 12. Qb3 Nc6 13. Bc3 Rfd8 14. Rd1 Rac8 15. 0-0 Qxe2 16. Qxb7 Qh5 17. Nb5 Bd7 18. Nc7 Rb8 19. Qa6 Rb6 20. Qa3 Bh3 21. Na6 Bh6 22. Bxh3 Qxh3 23. f4 e6 24. Nc5 Bf8 25. b4 Rdb8 26. Qa4 Nxb4 27. Qxa7 Nc6 28. Qa4 Bd6 29. Rf3 Qh5 30. Rdf1 Ne7 31. Qc2 Nf5 32. Nxf5 gxf5 33. a4 Qh6 34. a5 Rb5 35. Nd3 Qf8 36. Ra1 Qc8 37. a6 Ra8 38. a7 Rb7 39. Ra6 Ne4 40. Nf2 Rbxa7 41. Rxa7 Rxa7 42. Nxe4 fxe4 43. Re3 Ra3 44. Qb2 Qa6 45. Bd2 Ra2 46. Qc3 f5 47. Re1 Qc4 48. Rb1 Qxc3 49. Bxc3 Rc2 50. Be1 Kf7 51. Rb7+ Rc7 52. Rxc7+ Bxc7 53. Kf2 Bd6 54. Ke3 Ba3 55. Ba5 Ke8 56. Bc7 Kd7 57. Be5 Kc6 58. Bf6 Kb5 59. Be5 Kc4 60. Bf6 Bc1+ 61. Ke2 h5 62. Be5 Kc3 63. Bf6 Kc4 64. Be5 Kb5 65. Bf6 Ba3 66. Ke3 Kc6 67. Bd8 Kd7 68. Ba5 h4 69. Bd2 Ke8 70. Kf2 Kf7 71. gxh4 Kg6 72. Kg3 Kh5 73. Be3 Be7 74. Bd2 Bxh4+ 75. Kg2 Be7 76. h3 Bh4 77. Bb4 Kg6 78. Bd2 Kf7 79. Kf1 Ke8 80. Ke2 Kd7 81. Bc1 Kc6 82. Bd2 Kb5 83. Be3 1/2-1/2

[Event "EU-Cup 29th"]
[Site "Rhodes"]
[Date "2013.10.25"]
[Round "6.2"]
[White "Thorfinnsson, Bjorn"]
[Black "Maki, Veijo"]
[Result "1/2-1/2"]
[WhiteElo "2385"]
[BlackElo "2379"]
[PlyCount "81"]
[EventDate "2013.10.20"]
[EventType "team-swiss"]
[EventRounds "7"]
[EventCountry "GRE"]
[SourceTitle "CBM 157"]
[Source "ChessBase"]
[SourceDate "2013.11.12"]
[SourceVersion "1"]
[SourceVersionDate "2013.11.12"]
[SourceQuality "1"]
[WhiteTeam "Viking"]
[BlackTeam "Tammer Shakki"]
[WhiteTeamCountry "ISL"]
[BlackTeamCountry "FIN"]

1. b3 e5 2. Bb2 d6 3. e3 Nf6 4. Nc3 g6 5. d4 Nbd7 6. Nf3 c6 7. dxe5 dxe5 8. Bc4 Qa5 9. a3 b5 10. Be2 Ne4 11. b4 Bxb4 12. axb4 Qxb4 13. 0-0 Nxc3 14. Bxc3 Qxc3 15. Qd6 a5 16. Ra3 Qxc2 17. Nxe5 Qc5 18. Qxc5 Nxc5 19. Nxc6 a4 20. Bxb5 Ba6 21. Rb1 0-0 22. Bxa4 Bb7 23. Nd4 Bxg2 24. Kxg2 Rxa4 25. Rxa4 Nxa4 26. h4 h5 27. f4 Nc3 28. Rc1 Ne4 29. f5 Re8 30. fxg6 fxg6 31. Rc6 Kf7 32. Nf3 Re6 33. Rxe6 Kxe6 34. Nd4+ Ke5 35. Kf3 Nd2+ 36. Ke2 Ne4 37. Kf3 Nd2+ 38. Ke2 Ne4 39. Kf3 Nd2+ 40. Ke2 Ne4 41. Kf3 1/2-1/2

[Event "EU-Cup 29th"]
[Site "Rhodes"]
[Date "2013.10.24"]
[Round "5.2"]
[White "Maki, Veijo"]
[Black "Kanmazalp, Ogulcan"]
[Result "1/2-1/2"]
[WhiteElo "2379"]
[BlackElo "2417"]
[PlyCount "82"]
[EventDate "2013.10.20"]
[EventType "team-swiss"]
[EventRounds "7"]
[EventCountry "GRE"]
[SourceTitle "CBM 157"]
[Source "ChessBase"]
[SourceDate "2013.11.12"]
[SourceVersion "1"]
[SourceVersionDate "2013.11.12"]
[SourceQuality "1"]
[WhiteTeam "Tammer Shakki"]
[BlackTeam "BJK"]
[WhiteTeamCountry "FIN"]
[BlackTeamCountry "TUR"]

1. g3 g6 2. Bg2 Bg7 3. Nf3 c5 4. 0-0 Nc6 5. c4 e6 6. Nc3 Nge7 7. e3 Nf5 8. a3 0-0 9. b4 d5 10. cxd5 exd5 11. bxc5 d4 12. Nxd4 Nfxd4 13. exd4 Qxd4 14. Bb2 Bf5 15. Na4 Qd3 16. Bxg7 Kxg7 17. Qc1 Nd4 18. Qb2 Kg8 19. Nc3 Nf3+ 20. Kh1 Rab8 21. Rfd1 Rfd8 22. Qb4 Nd4 23. Rac1 Bg4 24. Re1 Bf3 25. Ne4 Bxg2+ 26. Kxg2 Qf3+ 27. Kg1 Ne2+ 28. Rxe2 Qxe2 29. Nf6+ Kh8 30. Qh4 Kg7 31. Ne4 Re8 32. Qf6+ Kg8 33. f3 Re6 34. Qc3 Qa6 35. d4 Rd8 36. Nd6 Qc6 37. Kf2 Qd5 38. Qc4 Qg5 39. Rc2 Qe3+ 40. Kg2 Rf6 41. Rf2 Rfxd6 1/2-1/2

[Event "EU-Cup 29th"]
[Site "Rhodes"]
[Date "2013.10.22"]
[Round "3.2"]
[White "Karjakin, Sergey"]
[Black "Maki, Veijo"]
[Result "1-0"]
[WhiteElo "2762"]
[BlackElo "2379"]
[PlyCount "71"]
[EventDate "2013.10.20"]
[EventType "team-swiss"]
[EventRounds "7"]
[EventCountry "GRE"]
[SourceTitle "CBM 157"]
[Source "ChessBase"]
[SourceDate "2013.11.12"]
[SourceVersion "1"]
[SourceVersionDate "2013.11.12"]
[SourceQuality "1"]
[WhiteTeam "Malachite Sverdlovsk Region"]
[BlackTeam "Tammer Shakki"]
[WhiteTeamCountry "RUS"]
[BlackTeamCountry "FIN"]

1. e4 c5 2. Nf3 Nc6 3. d4 cxd4 4. Nxd4 g6 5. Nc3 Bg7 6. Be3 Nf6 7. Bc4 Qa5 8. 0-0 0-0 9. Bb3 d6 10. h3 Bd7 11. Re1 Rac8 12. f4 Nh5 13. Nde2 Nf6 14. Qd2 Qh5 15. Ng3 Qh4 16. Bf2 Qh6 17. Nd5 Rfe8 18. Rad1 Be6 19. c3 b6 20. Ba4 Nd7 21. Bb5 Ncb8 22. Ba4 Bxd5 23. exd5 a6 24. Ne4 b5 25. Bc2 Nc5 26. Nxc5 dxc5 27. Be4 Nd7 28. d6 exd6 29. Qxd6 Nf6 30. Bb7 Rb8 31. Bxa6 b4 32. Bc4 bxc3 33. bxc3 Qh5 34. Re5 Rxe5 35. fxe5 Ne8 36. Bxf7+ 1-0

[Event "FIN-chT 1213"]
[Site "Finland"]
[Date "2013.03.10"]
[Round "14.5"]
[White "Maki, Veijo"]
[Black "Valli, Frans"]
[Result "1/2-1/2"]
[WhiteElo "2383"]
[BlackElo "2262"]
[PlyCount "150"]
[EventDate "2012.09.28"]
[EventType "team-tourn"]
[EventRounds "11"]
[EventCountry "FIN"]
[SourceTitle "EXT 2014"]
[Source "ChessBase"]
[SourceDate "2013.11.20"]
[SourceVersion "1"]
[SourceVersionDate "2013.11.20"]
[SourceQuality "1"]
[WhiteTeam "Tammer Shakki"]
[BlackTeam "Porvoo Velhot"]
[WhiteTeamCountry "FIN"]
[BlackTeamCountry "FIN"]

1. g3 d5 2. Nf3 c6 3. Bg2 Bg4 4. 0-0 Nd7 5. d4 Ngf6 6. Nbd2 e6 7. Re1 Be7 8. e4 0-0 9. c3 Bh5 10. Qb3 Qb6 11. Qxb6 Nxb6 12. Ne5 Rad8 13. a4 Nbd7 14. Nxd7 Rxd7 15. e5 Ne8 16. b4 Nc7 17. Nb3 Na6 18. Bf1 Nb8 19. Nc5 Rc7 20. a5 b6 21. axb6 axb6 22. Nd3 Nd7 23. Nf4 Bg6 24. h4 b5 25. f3 Bc2 26. Bh3 Rb8 27. Ra2 Bb3 28. Ra3 Ba4 29. Nd3 Nb6 30. Bg5 Bf8 31. Nc5 Bxc5 32. dxc5 Nc4 33. Raa1 Ra8 34. Bf1 Rca7 35. Bxc4 bxc4 36. Be3 Bb5 37. Rxa7 Rxa7 38. Bd4 Ra2 39. h5 Kf8 40. g4 Ba4 41. Bf2 Ke7 42. Bd4 Kd7 43. Rf1 Rd2 44. Ra1 Rd1+ 45. Rxd1 Bxd1 46. Kf2 Ba4 47. Kg3 Ke7 48. Kh4 Bd1 49. f4 Ba4 50. f5 Kf8 51. Kg5 Bb5 52. Kf4 Ba4 53. Kg5 Bb5 54. h6 Ba4 55. Be3 Bb5 56. hxg7+ Kxg7 57. Kh5 Kf8 58. Bh6+ Ke7 59. Bg7 exf5 60. gxf5 Ba6 61. Kg5 Bc8 62. Bh6 Bd7 63. Kf4 Kd8 64. Bg5+ Kc7 65. Bh6 Kd8 66. Kg5 Ke7 67. Kg4 Ke8 68. Bg5 h5+ 69. Kf4 Bc8 70. e6 fxe6 71. f6 Ba6 72. Ke5 Kf7 73. Bh4 Bb5 74. Bg5 Ba4 75. Bh4 Bb5 1/2-1/2

[Event "FIN-chT 1213"]
[Site "Finland"]
[Date "2012.09.30"]
[Round "3.4"]
[White "Vinke, Dietmar"]
[Black "Maki, Veijo"]
[Result "1/2-1/2"]
[WhiteElo "2201"]
[BlackElo "2383"]
[PlyCount "96"]
[EventDate "2012.09.28"]
[EventType "team-tourn"]
[EventRounds "11"]
[EventCountry "FIN"]
[SourceTitle "CBM 150 Extra"]
[Source "ChessBase"]
[SourceDate "2012.10.19"]
[SourceVersion "1"]
[SourceVersionDate "2012.10.19"]
[SourceQuality "1"]
[WhiteTeam "Oulu OSS"]
[BlackTeam "Tammer Shakki"]
[WhiteTeamCountry "FIN"]
[BlackTeamCountry "FIN"]

1. Nf3 d6 2. g3 e5 3. e4 f5 4. exf5 Bxf5 5. Bg2 Nc6 6. 0-0 Be7 7. d4 e4 8. Nfd2 Nf6 9. Nc3 Bg4 10. f3 exf3 11. Nxf3 Qd7 12. d5 Ne5 13. Nxe5 dxe5 14. Qe1 0-0-0 15. Be3 h5 16. a4 a6 17. Bf2 Bh3 18. Rd1 h4 19. gxh4 Qg4 20. Bg3 Bc5+ 21. Kh1 Bxg2+ 22. Kxg2 Bd4 23. Kh1 Kb8 24. Rd3 Rhe8 25. Nd1 Nxd5 26. c3 Bb6 27. a5 Bxa5 28. Nf2 Qc4 29. Qe4 Qxe4+ 30. Nxe4 Nf4 31. Rxd8+ Rxd8 32. Bxf4 Rf8 33. Nc5 Rxf4 34. Rxf4 exf4 35. Kg2 Bb6 36. Ne6 Be3 37. Nxg7 Bc1 38. b3 Bb2 39. Ne6 Bxc3 40. Kf3 b5 41. Kxf4 a5 42. Ke4 Kc8 43. Kd5 Kd7 44. Nc5+ Ke7 45. Kc6 a4 46. bxa4 bxa4 47. Nxa4 Be5 48. h3 Kf7 1/2-1/2

[Event "FIN-chT 1213"]
[Site "Finland"]
[Date "2012.09.29"]
[Round "2.4"]
[White "Maki, Veijo"]
[Black "Nokka, Risto"]
[Result "1-0"]
[WhiteElo "2383"]
[BlackElo "2286"]
[PlyCount "69"]
[EventDate "2012.09.28"]
[EventType "team-tourn"]
[EventRounds "11"]
[EventCountry "FIN"]
[SourceTitle "CBM 150 Extra"]
[Source "ChessBase"]
[SourceDate "2012.10.19"]
[SourceVersion "1"]
[SourceVersionDate "2012.10.19"]
[SourceQuality "1"]
[WhiteTeam "Tammer Shakki"]
[BlackTeam "Joensuu SK"]
[WhiteTeamCountry "FIN"]
[BlackTeamCountry "FIN"]

1. Nf3 Nf6 2. g3 g6 3. b3 Bg7 4. Bb2 0-0 5. Bg2 d6 6. d4 Nbd7 7. 0-0 e5 8. dxe5 Ng4 9. c4 Ngxe5 10. Nxe5 Nxe5 11. Qd2 c6 12. Nc3 f5 13. Rad1 Nf7 14. e4 Qf6 15. Ba1 Qg5 16. f4 Qh5 17. Bf3 Qh3 18. Rfe1 g5 19. fxg5 Be5 20. Rf1 Be6 21. exf5 Bxf5 22. Ne4 Bxa1 23. Nf2 Qxf1+ 24. Rxf1 Bg7 25. h4 Ne5 26. Bg2 Rad8 27. Ne4 Bxe4 28. Rxf8+ Bxf8 29. Bxe4 Re8 30. Qf4 Re7 31. Qf5 Rf7 32. Qc8 Kg7 33. Kg2 d5 34. cxd5 Bc5 35. Qe6 1-0

[Event "FIN-chT 1112"]
[Site "Finland"]
[Date "2012.02.12"]
[Round "9.3"]
[White "Maki, Veijo"]
[Black "Tuominen, Risto"]
[Result "1/2-1/2"]
[WhiteElo "2400"]
[BlackElo "2283"]
[PlyCount "81"]
[EventDate "2011.09.17"]
[EventType "team-tourn"]
[EventRounds "11"]
[EventCountry "FIN"]
[SourceTitle "EXT 2013"]
[Source "ChessBase"]
[SourceDate "2012.11.22"]
[SourceVersion "1"]
[SourceVersionDate "2012.11.22"]
[SourceQuality "1"]
[WhiteTeam "Tampere"]
[BlackTeam "Turku"]
[WhiteTeamCountry "FIN"]
[BlackTeamCountry "FIN"]

1. e4 e6 2. d4 d5 3. Nc3 Nf6 4. Bg5 dxe4 5. Nxe4 Be7 6. Bxf6 Bxf6 7. Nf3 0-0 8. c3 Nd7 9. Bd3 e5 10. 0-0 exd4 11. Nxf6+ Qxf6 12. Nxd4 Ne5 13. Bc2 c5 14. Ne2 Bg4 15. f3 Rad8 16. Qc1 Bf5 17. Ng3 Bxc2 18. Qxc2 Qf4 19. Qe4 Qxe4 20. Nxe4 b6 21. Rfd1 h6 22. b3 f6 23. Nd6 Rd7 24. Nc4 Rxd1+ 25. Rxd1 Nxc4 26. bxc4 Rf7 27. Rd8+ Kh7 28. Rd6 Re7 29. Kf2 Kg8 30. g3 Kf7 31. h4 Ke8 32. Rd5 Rd7 33. Ke3 Rxd5 34. cxd5 b5 35. Kd3 Kd7 36. c4 a6 37. h5 Kd6 38. Kc3 Ke5 39. Kd3 Kd6 40. Kc3 Ke5 41. Kd3 1/2-1/2

[Event "FIN-chT 1112"]
[Site "Finland"]
[Date "2011.10.15"]
[Round "3.3"]
[White "Lehti, Juhani"]
[Black "Maki, Veijo"]
[Result "0-1"]
[WhiteElo "2233"]
[BlackElo "2400"]
[PlyCount "80"]
[EventDate "2011.09.17"]
[EventType "team-tourn"]
[EventRounds "11"]
[EventCountry "FIN"]
[SourceTitle "CBM 144 Extra"]
[Source "ChessBase"]
[SourceDate "2011.10.28"]
[SourceVersion "1"]
[SourceVersionDate "2011.10.28"]
[SourceQuality "1"]
[WhiteTeam "Helsinki SSK"]
[BlackTeam "Tampere"]
[WhiteTeamCountry "FIN"]
[BlackTeamCountry "FIN"]

1. e4 c5 2. Nf3 d6 3. d4 cxd4 4. Nxd4 Nf6 5. Nc3 Nc6 6. f4 g6 7. Nxc6 bxc6 8. e5 Nd7 9. Bc4 dxe5 10. 0-0 Bg7 11. Qf3 0-0 12. f5 Nf6 13. Bd3 Rb8 14. Qxc6 Qd4+ 15. Kh1 gxf5 16. Bxf5 Bb7 17. Qa4 e6 18. Bd3 Rfc8 19. Bg5 Qxa4 20. Nxa4 Nd5 21. Rae1 f5 22. b3 Nb4 23. Bc4 Bd5 24. Bxd5 Nxd5 25. c4 Nb4 26. Re2 Nc6 27. Rd2 Nd4 28. Nc3 a5 29. Ne2 a4 30. Nxd4 exd4 31. Re2 axb3 32. axb3 e5 33. Rf3 Rxc4 34. h4 Rcb4 35. Rxf5 Rxb3 36. h5 h6 37. Bf6 Rf8 38. Bxg7 Rxf5 39. g4 Kxg7 40. gxf5 Kf6 0-1